Pozycja Personal Name
Liczba rekordów, w których użyto hasła: 1
001 - Numer kontrolny
- control field: 37844
003 - Identyfikator numeru kontrolnego
- control field: NUKAT
005 - Data i czas ostatniej modyfikacji
- control field: 20260311100552.0
008 - Dane kontrolne kodowane (40 znaków)
- fixed length control field: 050120n||azznnbabn |a aaa |
010 ## - Numer kontrolny Biblioteki Kongresu
- numer kontrolny LC: p 2004409379
024 7# - OTHER STANDARD IDENTIFIER
- Standard number or code: 96987389
- Source of number or code: viaf
035 ## - Numer systemowy
- numer systemowy: a11798269
035 ## - Numer systemowy
- numer systemowy: (PL)a0000001179826
040 ## - Instytucja sporządzająca rekord
- inst. przygot. dane do rek. khw: WA N
- język haseł przedmiotowych/tezaurus: DBN
- inst. wprow. rek. khw: WA N
043 ## - Kod obszaru geograficznego
- ISO code: RU
046 ## - Special dates
- Birth date: 1828
- Death date: 1910
100 1# - Hasło - nazwa osobowa
- nazwa osobowa w formie ujednoliconej: Tołstoj, Lew
- daty biograficzne: (1828-1910)
370 ## - Associated place
- Place of birth: Jasna Polana (Rosja, obw. tulski)
370 ## - Associated place
- Country: Rosja
370 ## - Associated place
- Residence/HQ: Jasna Polana (Rosja, obw. tulski)
372 ## - Field of activity
- Field: Literatura rosyjska
374 ## - Occupation
- Occupation: Pisarze rosyjscy
375 ## - Gender
- Gender: 1
- Source of term: iso5218
377 ## - Assoc lang
- Lang code: rus
400 1# - Trop zob. - nazwa osobowa
- nazwa osobowa (nazwisko, imiona): Talstoj, Leŭ
400 1# - Trop zob. - nazwa osobowa
- nazwa osobowa (nazwisko, imiona): Tolstoi, L.
400 1# - Trop zob. - nazwa osobowa
- nazwa osobowa (nazwisko, imiona): Tolstoi, Leo
400 1# - Trop zob. - nazwa osobowa
- nazwa osobowa (nazwisko, imiona): Tolstoi, Leo N.
400 1# - Trop zob. - nazwa osobowa
- nazwa osobowa (nazwisko, imiona): Tolstoï, Léon
400 1# - Trop zob. - nazwa osobowa
- nazwa osobowa (nazwisko, imiona): Tolstoĭ, Lev Nikolaevich
400 1# - Trop zob. - nazwa osobowa
- nazwa osobowa (nazwisko, imiona): Tolstoj, L.
400 1# - Trop zob. - nazwa osobowa
- nazwa osobowa (nazwisko, imiona): Tolstoj, Leŭ
400 1# - Trop zob. - nazwa osobowa
- nazwa osobowa (nazwisko, imiona): Tolstoj, Lev
400 1# - Trop zob. - nazwa osobowa
- nazwa osobowa (nazwisko, imiona): Tolstoj, L. N.
- daty biograficzne: (1828-1910)
400 1# - Trop zob. - nazwa osobowa
- nazwa osobowa (nazwisko, imiona): Toʼlstoʼy
400 1# - Trop zob. - nazwa osobowa
- nazwa osobowa (nazwisko, imiona): Tolstoy, Leo
400 1# - Trop zob. - nazwa osobowa
- nazwa osobowa (nazwisko, imiona): Tołstoi, L.
400 1# - Trop zob. - nazwa osobowa
- nazwa osobowa (nazwisko, imiona): Tołstoj, L.
400 1# - Trop zob. - nazwa osobowa
- nazwa osobowa (nazwisko, imiona): Tołstoj, Leon
400 1# - Trop zob. - nazwa osobowa
- nazwa osobowa (nazwisko, imiona): Tołstoj, Leon N.
400 1# - Trop zob. - nazwa osobowa
- nazwa osobowa (nazwisko, imiona): Tołstoj, Lew N.
400 1# - Trop zob. - nazwa osobowa
- nazwa osobowa (nazwisko, imiona): Tolstoj, Lev Nikolaevič
400 1# - Trop zob. - nazwa osobowa
- nazwa osobowa (nazwisko, imiona): Tolstoj, Lev Nikolajeviĉ
400 1# - Trop zob. - nazwa osobowa
- nazwa osobowa (nazwisko, imiona): Tołstoj, Lew Nikołajewicz
400 1# - Trop zob. - nazwa osobowa
- nazwa osobowa (nazwisko, imiona): Tołstoj, L. N.
400 1# - Trop zob. - nazwa osobowa
- nazwa osobowa (nazwisko, imiona): Tołstoj, L. M.
550 ## - Trop zob. też - nazwa pospolita
- nazwa posp. lub nazwa geogr. na pocz.: Tołstoizm
670 ## - Źródło informacji
- źródło informacji: PB
670 ## - Źródło informacji
- źródło informacji: EP
670 ## - Źródło informacji
- źródło informacji: BLC
670 ## - Źródło informacji
- źródło informacji: NEP
670 ## - Źródło informacji
- źródło informacji: Povesti i rasskazy / L. Tolstoj. - Moskva, 1950.
670 ## - Źródło informacji
- źródło informacji: Anna Karenina. T. 1 / Lew Tołstoj. - Wrocław, 2021.
670 ## - Źródło informacji
- źródło informacji: Tri rakontoj / Lev Nikolajeviĉ Tolstoj. - Wolfenbüttel, [ok. 1910].
670 ## - Źródło informacji
- źródło informacji: Wikipedia